000 00320nam a22001457a 4500
008 221104b ||||| |||| 00| 0 eng d
020 _a9780205359134
041 _aeng
080 _a51
082 _a51 VOG
100 _a20.1
101 _aMATE
245 _aQUANTITATIVE RESEARCH METHODS
_cVOGT P
942 _2udc
_cBK
999 _c58745
_d58745